| 000 | 00612nam a2200169Ia 4500 | ||
|---|---|---|---|
| 003 | GCL | ||
| 008 | 140319s9999 xx 000 0 ara d | ||
| 040 |
_aGCL / _cGCL |
||
| 082 | 0 | 4 |
_a415.5 _bم ن |
| 100 | 1 | _aمحمد اسعد النادرى | |
| 245 | 1 | 0 |
_aنحو اللغة العربية : كتاب فى قواعد النحو والصرف موصلة موثقة مؤيدة بالشواهد والامثلة / _cمحمد اسعد النادرى |
| 300 | _a970 ص | ||
| 490 | _a | ||
| 650 | 0 | 4 | _aاللغة العربية - الالفاظ |
| 650 | 0 | 4 | _aاللغة العربية - النحو |
| 942 |
_2ddc _cBK |
||
| 999 |
_c44711 _d44711 |
||